000
00330nam a2200145Ia 4500
008
230711s9999||||xx |||||||||||||| ||und||
041
_a
ENG
082
_a
621.8
_b
WI-M
100
_a
Windwoard
245
0
_a
Man and machine
250
_a
1st
260
_c
1982
_a
New York
_b
Windwoard
650
_a
Mechanical Engineering
942
_c
BK
999
_c
972
_d
972